000
00333 a2200145 4500
001
168008
020
_a
040
_c
Magnum
100
_a
Oliveira, Francisco Estevam Martins de
240
1
0
_a
Estatistica e probabilidade
_l
por
245
1
0
_a
Estatistica e probabilidade
362
0
_a
1899
697
_a
ESTATISTICA
942
_c
BK
999
_c
168008
_d
168008